01430nam a2200313 a 450000100060000000300080000600500170001400800410003103500190007204000370009104100080012808200220013610000490015824501920020724600340039924600150043326000830044830000280053149000460055950001170060550000290072250000470075165000320079871000640083083000540089494200120094899900170096095201390097751023BD-RjUL20211209075611.0160828s1964 enk 000 0 eng  a(BD-RjUL)51143 aDLCcOUNdSERdEQOdBD-RjULbeng aeng a512.922bMAT 19641 aMansell, William Ernest,d1877-1953.915266410aTables of natural and common logarithms to 110 decimals :bincluded in the bequest to the British Association for the Advancement of Science /cby W.E. Mansell ; edited by A. J. Thompson.33aNatural and common logarithms38aLogarithms aCambridge : bpublished for the Royal Society at the University Press, c1964. axviii, 95 p. ; c29 cm.1 aRoyal Society mathematical tables ;vv. 8 aFrom the manuscripts included in the author's bequest to the British Association for the Advancement of Science. aSpine title: Logarithms. aHalf title: Natural and common logarithms. 0aLogarithmsvTables.91509722 aBritish Association for the Advancement of Science.9130430 0aRoyal Society mathematical tables ;vv. 89152584 2ddccBK c51023d51023 00102ddc40708NFICaRUCLbRUCLcStackd1969-10-22eZeithingerg40.00l0o512.922 MAT 1964r2016-08-29 00:00:00tC-2w2016-08-29yBK